Tokoh-tokoh wanita mithaliyah : ke arah melahirkan wanita perubah sejarah

Bibliographic Details
Format: Book
Published: Selangor : Budaya Ilmu Sdn.Bhd , 1993
Subjects:

MARC

LEADER 00000cam a2200000 7i4500
001 0000003666
002 000003949
005 20080125.0
020 |a 983969314X 
090 0 0 |a 297.6   |b TOK 
245 0 0 |a Tokoh-tokoh wanita mithaliyah :   |b ke arah melahirkan wanita perubah sejarah   |c diselenggarakan oleh Ustaz Abdul Ghani Shamsuddin 
260 |a Selangor :   |b Budaya Ilmu Sdn.Bhd ,   |c 1993 
300 |a 167p. ;   |c 21cm. 
650 0 0 |a Muslim women   |x Social conditions 
650 0 0 |a Women in Islam 
999 |a 037121   |b BUKU   |c PINJAMAN   |e PERPUSTAKAAN KOMUNITI PETALING JAYA